000 00701aam a2200289a 44500
008 000113s1995 cat
041 _acat
080 _a504(038)
245 _aTerminologia ambiental: Residus
260 _a[Barcelona]
260 _bGeneralitat de Catalunya. Departament de Medi Ambient
260 _c1995
300 _a1 fitxa
520 _a8
546 _acatalà
591 _a4890
592 _aObra terminològica
593 _aDN
594 _a4890
650 _amedi ambient
_960842
650 _aresidus
_962428
901 _c[<1995>]
902 _a000113
942 _cMO
_n0
999 _c58266
_d58266